000 00562nam a22002417a 4500
005 20241106142725.0
008 240216b |||||||| |||| 00| 0 spa d
020 _a9788415723004
041 _aESP
082 _a833 F982c6
100 _aFunke, Cornelia
_933981
245 _aCorazón de tinta
250 _a6 edición
260 _aEspaña
260 _bSiruela
260 _c2022
300 _a502 páginas
650 _aLITERATURA ALEMANA
650 _aNOVELA ALEMANA
650 _aLITERATURA JUVENIL
650 _aMISTERIO
942 _2ddc
_cBK
999 _c13650
_d13650